Movimientos sociales y nuevas prácticas en Argentina. Las Organizaciones piqueteras /

Đã lưu trong:
Chi tiết về thư mục
Tác giả chính: Svampa, Maristella
Định dạng: Texto
Những chủ đề:
Các nhãn: Thêm thẻ
Không có thẻ, Là người đầu tiên thẻ bản ghi này!

MARC

LEADER 00000 a a2200000 04500
001 10145
003
040
100 |a Svampa, Maristella  
245 |a Movimientos sociales y nuevas prácticas en Argentina. Las Organizaciones piqueteras /  |c Maristella Svampa 
500 |a Retoma parte del libro: Entre la ruta y el barrio  
650 |a MOVIMIENTOS SOCIALES  
650 |a PARTICIPACION SOCIAL  
650 |a NEOLIBERALISMO  
773 |g número 20; páginas 112-126  
999 |c 35220  |d 35220